योगांजाली / (Record no. 176993)
[ view plain ]
| 000 -LEADER | |
|---|---|
| fixed length control field | 00788nam a22002057a 4500 |
| 005 - DATE AND TIME OF LATEST TRANSACTION | |
| control field | 20210215142451.0 |
| 010 ## - LCCN (DPL NO) | |
| LC control number | HIN-119604 |
| 020 ## - INTERNATIONAL STANDARD BOOK NUMBER | |
| International Standard Book Number | 9789389604559 |
| Terms of availability | 340.00 |
| 035 ## - SYSTEM CONTROL NUMBER | |
| System control number | HN-91950 |
| 037 ## - SOURCE OF ACQUISITION | |
| Source of stock number/acquisition | DBAD/PUB |
| 082 ## - DEWEY DECIMAL CLASSIFICATION NUMBER | |
| Classification number | 613.7046 |
| 100 ## - MAIN ENTRY--PERSONAL NAME | |
| Personal name | सिंघई, हेमलता |
| 245 ## - TITLE STATEMENT | |
| Title | योगांजाली / |
| Statement of responsibility, etc | हेमलता ,सिंघई |
| 246 ## - VARYING FORM OF TITLE | |
| Title proper/short title | HANDBOOK ON YOGA |
| 260 ## - PUBLICATION, DISTRIBUTION, ETC. (IMPRINT) | |
| Place of publication, distribution, etc | उप्लब्ध नहीं |
| Name of publisher, distributor, etc | BUUKS |
| Date of publication, distribution, etc | 2019 |
| 270 ## - ADDRESS | |
| Address | उप्लब्ध नहीं |
| City | उप्लब्ध नहीं |
| Postal code | उप्लब्ध नहीं |
| 300 ## - PHYSICAL DESCRIPTION | |
| Extent | 128पृ. |
| Dimensions | 22सेमी.(अजिल्द) |
| Other physical details | सचित्र |
| 650 ## - SUBJECT ADDED ENTRY--TOPICAL TERM | |
| Topical term or geographic name as entry element | हिन्दी कविता |
| 942 ## - ADDED ENTRY ELEMENTS (KOHA) | |
| Source of classification or shelving scheme | Dewey Decimal Classification |
| Item type | Hindi Books |
| Classification part | 613.7046 |
| Call number suffix | सिंघई |
| Withdrawn status | Lost status | Not for loan | Collection code | Home library | Current library | Date acquired | Source of acquisition | Cost, normal purchase price | Full call number | Barcode | Copy number | Cost, replacement price | Koha item type |
|---|---|---|---|---|---|---|---|---|---|---|---|---|---|
| Non-fiction | Ashok Vihar | Ashok Vihar | 04/02/2021 | DBAD/PUB | 340.00 | 613.7046 सिंघई | HN-91950 | 1 | 340.00 | Hindi Books |
